000 00354pab a2200157 454500
008 180718b2015 xxu||||| |||| 00| 0 eng d
100 _aTeltumbde, Anand
245 _aThe holy cow
260 _c2015
300 _ap.10-11.
362 _a4 Apr
650 _aCow
650 _aLivestock
773 _aEconomic and Political Weekly
909 _a109559
999 _c109554
_d109554